000 00373nam a2200133Ia 4500
008 151001s9999||||xx |||||||||||||| ||und||
100 _aना गो कालेलकर
245 _aवाचता वाचता
250 _a1
260 _bप्रेस्टीज पब्लिकेशन पुणे
260 _c1979
300 _a225
365 _b22
999 _c960364
_d960361